000 00255nam a22001217a 4500
003 SGT
082 _a346.02
_bUNI
100 _aUNIVERSAL
245 _aTHE SPECIFIC RELIEF ACT 1963
260 _aGURUGRAM
_bUNIVERSAL
_c2026
300 _a23
942 _2ddc
_cBK
999 _c34083
_d34083